000 00288nam a2200109Ia 4500
008 220204s9999 xx 000 0 und d
082 _a541.2
_bCUN
100 _aCuninghame, J G
245 0 _aChemical aspects of the atomic nucleus
260 _aLondon
_bChemical Society
_c1972
942 _cBK
999 _c30848
_d30848